Administrative Institutions in India (Record no. 900)
[ view plain ]
| 000 -LEADER | |
|---|---|
| Fixed length control field | 00508nam a2200181 4500 |
| 003 - CONTROL NUMBER IDENTIFIER | |
| Control field | SEACOMMC |
| 005 - DATE AND TIME OF LATEST TRANSACTION | |
| Control field | 20250428145847.0 |
| 008 - FIXED-LENGTH DATA ELEMENTS--GENERAL INFORMATION | |
| Fixed length control field | 241218b |||||||| |||| 00| 0 eng d |
| 020 ## - INTERNATIONAL STANDARD BOOK NUMBER / ISBN | |
| International Standard Book Number | 81-8198-039-5 |
| Price | Rs.295.00 |
| 040 ## - CATALOGING SOURCE | |
| Original cataloging agency | SEACOMMC |
| 082 ## - DEWEY DECIMAL CLASSIFICATION NUMBER | |
| Classification number | 351.09 |
| Book Number | S 617 |
| 100 ## - MAIN ENTRY--PERSONAL NAME | |
| Personal name | Singh Sodhi, Inderjeet |
| 245 1# - TITLE STATEMENT | |
| Title | Administrative Institutions in India |
| Statement of responsibility | Inderjeet Singh Sodhi |
| 260 ## - IMPRINT | |
| Place of publication | Jaipur |
| Name of publisher | University Book |
| Date of publication | 2005 |
| 300 ## - PHYSICAL DESCRIPTION | |
| Page / Vol. No | Vol.01 |
| 650 ## - SUBJECT ADDED ENTRY--TOPICAL TERM | |
| Topical term | Public administration--Asia. |
| 942 ## - ADDED ENTRY ELEMENTS (KOHA) | |
| Koha item type | Books |
| Withdrawn status | Lost status | Source of classification | Damaged status | Not for loan | Home library | Current library | Shelving location | Date acquired | Total Checkouts | Call number | Accession number | Date last seen | Price effective from | Koha item type |
|---|---|---|---|---|---|---|---|---|---|---|---|---|---|---|
| Dewey Decimal Classification | SEACOM MANAGEMENT COLLEGE | SEACOM MANAGEMENT COLLEGE | Reference | 11/12/2007 | 351.09 S 617 | M-1213 | 18/12/2024 | 18/12/2024 | Books |
